|
|
|
|
| LEADER |
00000nam0a2200000 4500 |
| 001 |
344287 |
| 005 |
20231102005640.0 |
| 010 |
|
|
|a 9785190114096
|
| 035 |
|
|
|a (RuTPU)RU\TPU\book\375618
|
| 035 |
|
|
|a RU\TPU\book\374667
|
| 090 |
|
|
|a 344287
|
| 100 |
|
|
|a 20200121d2019 k y0rusy50 ca
|
| 101 |
0 |
|
|a rus
|
| 102 |
|
|
|a RU
|
| 105 |
|
|
|a a z 001zy
|
| 200 |
1 |
|
|a Радиационные технологии: наука, народное хозяйство, медицина
|e [монография]
|f А. П. Черняев
|g Московский государственный университет им. М. В. Ломоносова
|
| 210 |
|
|
|a Москва
|c Изд-во Московского ун-та
|d 2019
|
| 215 |
|
|
|a 232 с.
|c ил.
|
| 225 |
1 |
|
|a Научно-популярная серия РФФИ
|
| 320 |
|
|
|a Библиогр.: с. 229-231
|
| 330 |
|
|
|a Монография подготовлена для сотрудников, студентов, аспирантов, специализирующихся в области использования ядерных технологий и методов ядерной физики в медицине, народном хозяйстве и науке. Монография составлена на основе курсов лекций "Ускорители заряженных частиц", "Взаимодействие ионизирующего излучения с веществом" и 2Ядерно-физические методы в медицине", "Радиационные технологии", читавшихся на физическом факультете Московского университета. Использованы также материалы докладов и научных обзоров, изданных в ведущих российских научных журналах. Настоящая монография не имеет аналогов в российской и зарубежной научной литературе. Монография предназначена сотрудникам и студентам физических, химических, биологических, медицинских, инженерных, а также других естественно-научных специальностей. Книга будет полезна специалистам, работающим в разных областях науки и отраслях народного хозяйства, а также бизнесменам.
|
| 606 |
1 |
|
|a Ускорители заряженных частиц
|2 stltpush
|3 (RuTPU)RU\TPU\subj\74441
|9 86712
|
| 606 |
1 |
|
|a Ионизирующие излучения
|x Применение в народном хозяйстве
|2 stltpush
|3 (RuTPU)RU\TPU\subj\13063
|9 39745
|
| 610 |
1 |
|
|a физика
|
| 610 |
1 |
|
|a наука
|
| 610 |
1 |
|
|a промышленность
|
| 610 |
1 |
|
|a ионная имплантация
|
| 610 |
1 |
|
|a неразрушающий контроль
|
| 610 |
1 |
|
|a безопасность
|
| 610 |
1 |
|
|a оборона
|
| 610 |
1 |
|
|a материалы
|
| 610 |
1 |
|
|a электронная обработка
|
| 610 |
1 |
|
|a радиационное производство
|
| 610 |
1 |
|
|a радиоактивные изотопы
|
| 610 |
1 |
|
|a получение
|
| 610 |
1 |
|
|a радиационная биология
|
| 610 |
1 |
|
|a радиационная стерилизация
|
| 610 |
1 |
|
|a продукты питания
|
| 610 |
1 |
|
|a радиационная обработка
|
| 610 |
1 |
|
|a сельское хозяйство
|
| 610 |
1 |
|
|a радиационная экология
|
| 610 |
1 |
|
|a медицина
|
| 610 |
1 |
|
|a медицинские ускорители
|
| 610 |
1 |
|
|a биологические ткани
|
| 610 |
1 |
|
|a нанопорошки
|
| 610 |
1 |
|
|a Нобелевские лауреаты
|
| 610 |
1 |
|
|a монографии
|
| 675 |
|
|
|a 621.384.6
|v 4
|
| 675 |
|
|
|a 621.039.8
|v 4
|
| 700 |
|
1 |
|a Черняев
|b А. П.
|g Александр Петрович
|
| 712 |
0 |
2 |
|a Московский государственный университет им. М. В. Ломоносова
|2 stltpush
|3 (RuTPU)RU\TPU\col\7
|
| 801 |
|
1 |
|a RU
|b 63413507
|c 20191118
|
| 801 |
|
2 |
|a RU
|b 63413507
|c 20200207
|g RCR
|
| 942 |
|
|
|c BK
|